[Event "XtraCon-Skakligaen"]
[Site "Denmark"]
[Date "2014.10.25"]
[Round "1.1"]
[White "Hector, Jonny"]
[Black "Aagaard, Jacob"]
[Result "1/2-1/2"]
[WhiteElo "2488"]
[BlackElo "2522"]
[PlyCount "81"]
[EventDate "2014.10.25"]
[EventType "team-tourn"]
[EventRounds "9"]
[EventCountry "DEN"]
[WhiteTeam "Nordkalotten"]
[BlackTeam "Obro"]
[WhiteTeamCountry "DEN"]
[BlackTeamCountry "DEN"]

1. d4 d5 2. Nc3 Nf6 3. Bf4 Bf5 4. f3 c5 5. e4 dxe4 6. fxe4 Bg4 7. Nf3 Qa5 8.
Qd2 cxd4 9. Nxd4 Nc6 10. Bb5 O-O-O 11. Nxc6 bxc6 12. Bd3 e5 13. Bg5 Bc5 14. h3
Be6 15. Qe2 Rd7 16. Rf1 Rhd8 17. Bd2 Bc4 18. Nd5 Bxd3 19. Bxa5 Bxe2 20. Nxf6
Bxf1 21. Nxd7 Rxd7 22. Kxf1 Rd4 23. Re1 Ra4 24. Bc3 Rxa2 25. Bxe5 Bb4 26. Rb1
f6 27. Bd4 c5 28. Be3 c4 29. c3 Bd6 30. Ke2 Kc7 31. Kd2 a5 32. Bd4 a4 33. Ke3
a3 34. bxa3 Rxg2 35. a4 Rg3+ 36. Kf2 Rxh3 37. a5 Rh2+ 38. Ke3 Rh3+ 39. Ke2 Rh2+
40. Ke3 Rh3+ 41. Ke2 1/2-1/2

[Event "XtraCon-Skakligaen"]
[Site "Denmark"]
[Date "2014.10.25"]
[Round "1.2"]
[White "Hansen, Mads Smith"]
[Black "Brynell, Stellan"]
[Result "1/2-1/2"]
[WhiteElo "2378"]
[BlackElo "2459"]
[PlyCount "54"]
[EventDate "2014.10.25"]
[EventType "team-tourn"]
[EventRounds "9"]
[EventCountry "DEN"]
[WhiteTeam "Obro"]
[BlackTeam "Nordkalotten"]
[WhiteTeamCountry "DEN"]
[BlackTeamCountry "DEN"]

1. Nf3 Nf6 2. c4 e6 3. g3 d5 4. b3 Be7 5. Bb2 O-O 6. Bg2 b6 7. O-O Bb7 8. e3
Nbd7 9. Qe2 a5 10. Nc3 a4 11. Nxa4 dxc4 12. Qxc4 Ba6 13. Qc6 Bxf1 14. Rxf1 Nc5
15. Nxc5 bxc5 16. Ra1 Qd3 17. Bc3 Rxa2 18. Rxa2 Qb1+ 19. Ne1 Qxa2 20. Qxc7 Bd8
21. Qxc5 Qxb3 22. Bb4 Re8 23. Bc6 Be7 24. Qb5 Qxb4 25. Bxe8 Qxd2 26. Nf3 Qd5
27. Qxd5 Nxd5 1/2-1/2

[Event "XtraCon-Skakligaen"]
[Site "Denmark"]
[Date "2014.10.25"]
[Round "1.3"]
[White "Sylvan, Jacob"]
[Black "Hansen, Soren Bech"]
[Result "1/2-1/2"]
[WhiteElo "2315"]
[BlackElo "2296"]
[PlyCount "87"]
[EventDate "2014.10.25"]
[EventType "team-tourn"]
[EventRounds "9"]
[EventCountry "DEN"]
[WhiteTeam "Nordkalotten"]
[BlackTeam "Obro"]
[WhiteTeamCountry "DEN"]
[BlackTeamCountry "DEN"]

1. d4 Nf6 2. Nf3 e6 3. g3 b6 4. Bg2 Bb7 5. O-O c5 6. c4 cxd4 7. Qxd4 d6 8. Nc3
a6 9. Rd1 Nbd7 10. b3 Rc8 11. Bb2 Be7 12. Ng5 Bxg2 13. Kxg2 Rc6 14. Rac1 O-O
15. Nge4 Qa8 16. Kg1 Rfc8 17. Qe3 Qb8 18. a4 Bf8 19. Nxf6+ Nxf6 20. Na2 Qb7 21.
Qf3 R6c7 22. Qf4 Nd7 23. Nb4 Nc5 24. Qe3 b5 25. cxb5 axb5 26. a5 Qa8 27. Ra1 d5
28. Bd4 Nd7 29. Nd3 Rc6 30. Qf3 Ra6 31. b4 Rc4 32. Bb2 Qc8 33. Rdc1 Rac6 34.
Qe3 Qa6 35. Qd2 Qa8 36. Ba3 Bd6 37. Nb2 Rxc1+ 38. Rxc1 Ne5 39. Rxc6 Qxc6 40. f4
Nd7 41. Nd3 f6 42. Bb2 Nb8 43. Qe3 Bf8 44. Bd4 1/2-1/2

[Event "XtraCon-Skakligaen"]
[Site "Denmark"]
[Date "2014.10.25"]
[Round "1.4"]
[White "Larsen, Karsten"]
[Black "Kristensen, Kaare Hove"]
[Result "0-1"]
[WhiteElo "2247"]
[BlackElo "2335"]
[PlyCount "70"]
[EventDate "2014.10.25"]
[EventType "team-tourn"]
[EventRounds "9"]
[EventCountry "DEN"]
[WhiteTeam "Obro"]
[BlackTeam "Nordkalotten"]
[WhiteTeamCountry "DEN"]
[BlackTeamCountry "DEN"]

1. e4 c5 2. Nf3 Nc6 3. Bb5 Nf6 4. e5 Nd5 5. Nc3 Nxc3 6. dxc3 d5 7. exd6 Qxd6 8.
Qe2 a6 9. Bd3 Bg4 10. Be3 e6 11. O-O-O Qc7 12. h3 Bh5 13. Be4 Be7 14. g4 Bg6
15. Bxc6+ Qxc6 16. Ne5 Qe4 17. f4 O-O 18. h4 h5 19. Nxg6 fxg6 20. gxh5 gxh5 21.
Rhg1 Rad8 22. Rxd8 Rxd8 23. b3 Bxh4 24. Kb2 Bf6 25. Qf2 c4 26. b4 a5 27. a3 Rd5
28. Re1 axb4 29. axb4 Rb5 30. Bc5 Qd5 31. Qe3 b6 32. Bxb6 Rxb4+ 33. Kc1 Bxc3
34. Qxe6+ Qxe6 35. Rxe6 Ra4 0-1

[Event "XtraCon-Skakligaen"]
[Site "Denmark"]
[Date "2014.10.25"]
[Round "1.5"]
[White "Jakobsen, Peter"]
[Black "Kaaber Hansen, Jacob"]
[Result "1-0"]
[WhiteElo "2227"]
[BlackElo "2262"]
[PlyCount "55"]
[EventDate "2014.10.25"]
[EventType "team-tourn"]
[EventRounds "9"]
[EventCountry "DEN"]
[WhiteTeam "Nordkalotten"]
[BlackTeam "Obro"]
[WhiteTeamCountry "DEN"]
[BlackTeamCountry "DEN"]

1. d4 d5 2. c4 c6 3. Nf3 Nf6 4. Nc3 e6 5. e3 Nbd7 6. Bd3 Bd6 7. e4 dxe4 8. Nxe4
Nxe4 9. Bxe4 Nf6 10. Bc2 Bb4+ 11. Bd2 Qa5 12. O-O Bxd2 13. Nxd2 Qb6 14. c5 Qxb2
15. Nc4 Qc3 16. Nd6+ Ke7 17. Rb1 Rd8 18. Rb3 Qa5 19. Rg3 Kf8 20. Bxh7 Rxd6 21.
cxd6 Nxh7 22. Qg4 g5 23. Qh5 Kg8 24. Rf3 f5 25. Qg6+ Kf8 26. Qxh7 g4 27. Qe7+
Kg8 28. Qe8+ 1-0

[Event "XtraCon-Skakligaen"]
[Site "Denmark"]
[Date "2014.10.25"]
[Round "1.6"]
[White "Schou Moldt, Thomas"]
[Black "Hove, Esben Kjems"]
[Result "1-0"]
[WhiteElo "2228"]
[BlackElo "2224"]
[PlyCount "111"]
[EventDate "2014.10.25"]
[EventType "team-tourn"]
[EventRounds "9"]
[EventCountry "DEN"]
[WhiteTeam "Obro"]
[BlackTeam "Nordkalotten"]
[WhiteTeamCountry "DEN"]
[BlackTeamCountry "DEN"]

1. d4 d5 2. c4 c6 3. Nf3 Nf6 4. Nc3 dxc4 5. a4 Bf5 6. Ne5 Nbd7 7. Nxc4 Qc7 8.
Qd2 Nb6 9. Ne3 Bg6 10. a5 Nbd5 11. Nexd5 Nxd5 12. a6 e6 13. axb7 Qxb7 14. e4
Nxc3 15. bxc3 Bxe4 16. Qf4 Bg6 17. Ba6 Qd7 18. Ba3 Bxa3 19. Rxa3 O-O 20. O-O
Rfb8 21. Rfa1 Rb2 22. h4 h6 23. Bc4 Rb7 24. Ra5 Qc7 25. Qxc7 Rxc7 26. f3 Kf8
27. g4 h5 28. Kf2 Ke7 29. Ke3 hxg4 30. h5 Bh7 31. fxg4 f6 32. Be2 Kd6 33. Bf3
Bg8 34. Kf4 Bf7 35. g5 Be8 36. g6 Re7 37. Be4 Rb7 38. Ke3 Ke7 39. Ra6 Rc7 40.
R1a2 f5 41. Bf3 Kf6 42. Kf4 Bd7 43. R2a5 Ke7 44. Kg5 Be8 45. Rc5 Rac8 46. Ra1
Bd7 47. Re1 Kd6 48. Rh1 Rb7 49. h6 gxh6+ 50. Rxh6 Rb1 51. g7 Ke7 52. Rh8 Rg1+
53. Kh6 Rg3 54. Bh5 f4 55. Rxc8 Bxc8 56. Rg5 1-0

[Event "XtraCon-Skakligaen"]
[Site "Denmark"]
[Date "2014.10.25"]
[Round "1.7"]
[White "Ejsing, Esben"]
[Black "Jorgensen, Dennis"]
[Result "1/2-1/2"]
[WhiteElo "2190"]
[BlackElo "2243"]
[PlyCount "42"]
[EventDate "2014.10.25"]
[EventType "team-tourn"]
[EventRounds "9"]
[EventCountry "DEN"]
[WhiteTeam "Nordkalotten"]
[BlackTeam "Obro"]
[WhiteTeamCountry "DEN"]
[BlackTeamCountry "DEN"]

1. c4 c6 2. Nf3 d5 3. e3 Nf6 4. b3 Bf5 5. Bb2 e6 6. Be2 h6 7. O-O Nbd7 8. Nc3
Be7 9. d3 O-O 10. a3 a5 11. g3 Bh7 12. Re1 Re8 13. Bf1 Bf8 14. Rc1 Qb8 15. d4
Ne4 16. Nxe4 Bxe4 17. Nd2 Bg6 18. e4 dxe4 19. Nxe4 Qa7 20. c5 Rad8 21. Qf3 Qb8
1/2-1/2

[Event "XtraCon-Skakligaen"]
[Site "Denmark"]
[Date "2014.10.25"]
[Round "1.8"]
[White "Skousen, Nikolai"]
[Black "Nielsen, Lars Aaes"]
[Result "1/2-1/2"]
[WhiteElo "2182"]
[BlackElo "2237"]
[PlyCount "33"]
[EventDate "2014.10.25"]
[EventType "team-tourn"]
[EventRounds "9"]
[EventCountry "DEN"]
[WhiteTeam "Obro"]
[BlackTeam "Nordkalotten"]
[WhiteTeamCountry "DEN"]
[BlackTeamCountry "DEN"]

1. Nf3 d5 2. g3 Nf6 3. Bg2 c5 4. O-O Nc6 5. d4 Bg4 6. Ne5 Bf5 7. c4 cxd4 8.
Nxc6 bxc6 9. Qxd4 Qb6 10. Be3 Qxd4 11. Bxd4 e6 12. Nc3 a6 13. Rac1 Bd6 14. cxd5
cxd5 15. Bxf6 gxf6 16. e4 dxe4 17. Bxe4 1/2-1/2

[Event "XtraCon-Skakligaen"]
[Site "Denmark"]
[Date "2014.10.25"]
[Round "1.1"]
[White "Teplyi, Igor"]
[Black "Matthiesen, Arne"]
[Result "1-0"]
[WhiteElo "2381"]
[BlackElo "2359"]
[PlyCount "75"]
[EventDate "2014.10.25"]
[EventType "team-tourn"]
[EventRounds "9"]
[EventCountry "DEN"]
[WhiteTeam "Nordre"]
[BlackTeam "SK1968"]
[WhiteTeamCountry "DEN"]
[BlackTeamCountry "DEN"]

1. d4 d5 2. c4 dxc4 3. Nf3 Nf6 4. e3 e6 5. Bxc4 c5 6. Qe2 a6 7. dxc5 Bxc5 8.
O-O b5 9. Bd3 Nc6 10. Rd1 Qe7 11. a4 b4 12. Nbd2 Na5 13. h3 Bb7 14. Ne5 O-O 15.
Nec4 Nxc4 16. Nxc4 a5 17. e4 e5 18. Bg5 h6 19. Bh4 Qe6 20. Nd2 Rac8 21. Rac1
Rfe8 22. Bc4 Qe7 23. Bd3 Bb6 24. Nc4 Qe6 25. b3 Ra8 26. Nxb6 Qxb6 27. Bxf6 Qxf6
28. Bc4 Re7 29. Bd5 Rd8 30. Qb5 Bxd5 31. Qxa5 Red7 32. Rxd5 Qf4 33. Qxd8+ Rxd8
34. Rxd8+ Kh7 35. Ra1 Qxe4 36. a5 Qb7 37. a6 Qa7 38. Rd7 1-0

[Event "XtraCon-Skakligaen"]
[Site "Denmark"]
[Date "2014.10.25"]
[Round "1.2"]
[White "Berg, Klaus"]
[Black "Baekgaard, Martin"]
[Result "1/2-1/2"]
[WhiteElo "2371"]
[BlackElo "2318"]
[PlyCount "42"]
[EventDate "2014.10.25"]
[EventType "team-tourn"]
[EventRounds "9"]
[EventCountry "DEN"]
[WhiteTeam "SK1968"]
[BlackTeam "Nordre"]
[WhiteTeamCountry "DEN"]
[BlackTeamCountry "DEN"]

1. c4 Nf6 2. Nc3 e6 3. d4 d5 4. cxd5 exd5 5. Bg5 Bb4 6. Qa4+ Nc6 7. e3 h6 8.
Bh4 O-O 9. Bd3 Be6 10. Nge2 Bd6 11. a3 a6 12. f3 Be7 13. O-O Ne4 14. Bxe7 Nxc3
15. bxc3 Nxe7 16. e4 c5 17. dxc5 Qc7 18. Qb4 Rac8 19. Rab1 dxe4 20. Bxe4 Bd5
21. Ng3 Qxc5+ 1/2-1/2

[Event "XtraCon-Skakligaen"]
[Site "Denmark"]
[Date "2014.10.25"]
[Round "1.3"]
[White "Petersen, Tom Petri"]
[Black "Bank, Pelle Rodkjaer"]
[Result "1-0"]
[WhiteElo "2334"]
[BlackElo "2329"]
[PlyCount "45"]
[EventDate "2014.10.25"]
[EventType "team-tourn"]
[EventRounds "9"]
[EventCountry "DEN"]
[WhiteTeam "Nordre"]
[BlackTeam "SK1968"]
[WhiteTeamCountry "DEN"]
[BlackTeamCountry "DEN"]

1. c4 g6 2. g3 Bg7 3. Bg2 d6 4. Nc3 Nf6 5. e4 O-O 6. Nge2 e5 7. O-O Nbd7 8. d3
a5 9. h3 c6 10. Be3 Nh5 11. Qd2 f5 12. Rae1 a4 13. f4 Qa5 14. exf5 exf4 15.
Bxf4 Nxf4 16. Nxf4 Ne5 17. fxg6 hxg6 18. Kh2 a3 19. d4 Nxc4 20. Qe2 Nxb2 21.
Nxg6 Rxf1 22. Rxf1 Bd7 23. Bd5+ 1-0

[Event "XtraCon-Skakligaen"]
[Site "Denmark"]
[Date "2014.10.25"]
[Round "1.4"]
[White "Hansen, Lars"]
[Black "Sloth, Jorn"]
[Result "1/2-1/2"]
[WhiteElo "2273"]
[BlackElo "2318"]
[PlyCount "42"]
[EventDate "2014.10.25"]
[EventType "team-tourn"]
[EventRounds "9"]
[EventCountry "DEN"]
[WhiteTeam "SK1968"]
[BlackTeam "Nordre"]
[WhiteTeamCountry "DEN"]
[BlackTeamCountry "DEN"]

1. d4 Nf6 2. Bg5 d6 3. Nc3 e6 4. e4 Be7 5. Nf3 a6 6. Bd3 Nfd7 7. Be3 c5 8. d5
e5 9. a4 Nf6 10. O-O Bg4 11. h3 Bxf3 12. Qxf3 Nbd7 13. Ne2 h5 14. Qg3 h4 15.
Qf3 g6 16. Nc3 Kf8 17. Qd1 Nh5 18. Be2 Kg7 19. Qd2 Bf6 20. Bg4 Qe7 21. Ne2 Rh7
1/2-1/2

[Event "XtraCon-Skakligaen"]
[Site "Denmark"]
[Date "2014.10.25"]
[Round "1.5"]
[White "Veng, Johny"]
[Black "Matthiesen, Martin"]
[Result "1/2-1/2"]
[WhiteElo "2281"]
[BlackElo "2260"]
[PlyCount "43"]
[EventDate "2014.10.25"]
[EventType "team-tourn"]
[EventRounds "9"]
[EventCountry "DEN"]
[WhiteTeam "Nordre"]
[BlackTeam "SK1968"]
[WhiteTeamCountry "DEN"]
[BlackTeamCountry "DEN"]

1. d4 Nf6 2. Nf3 e6 3. g3 b6 4. Bg2 Bb7 5. c4 Be7 6. Nc3 Ne4 7. Nxe4 Bxe4 8.
O-O O-O 9. Ne1 Bxg2 10. Nxg2 d5 11. cxd5 exd5 12. Bf4 Bd6 13. Rc1 c6 14. Rc3 a5
15. Qc2 Ra7 16. Rc1 Re8 17. e3 Re6 18. Qf5 Rc7 19. Bg5 Be7 20. Bf4 Bd6 21. Bg5
Be7 22. Bf4 1/2-1/2

[Event "XtraCon-Skakligaen"]
[Site "Denmark"]
[Date "2014.10.25"]
[Round "1.6"]
[White "Lindfeldt, Jan Magnus"]
[Black "Hoiberg, Nina"]
[Result "0-1"]
[WhiteElo "2261"]
[BlackElo "2209"]
[PlyCount "120"]
[EventDate "2014.10.25"]
[EventType "team-tourn"]
[EventRounds "9"]
[EventCountry "DEN"]
[WhiteTeam "SK1968"]
[BlackTeam "Nordre"]
[WhiteTeamCountry "DEN"]
[BlackTeamCountry "DEN"]

1. e4 e5 2. Nf3 d6 3. Bc4 Be7 4. O-O Nf6 5. Re1 O-O 6. h3 c6 7. Bf1 Nbd7 8. d4
Qc7 9. c4 Re8 10. Nc3 Nf8 11. g3 Ng6 12. Bg2 h6 13. a3 Nh7 14. h4 Bg4 15. Be3
Bxh4 16. gxh4 Nxh4 17. Nxh4 Bxd1 18. Raxd1 g6 19. Rd3 Qe7 20. Nf3 Ng5 21. Nxg5
hxg5 22. Red1 Rad8 23. dxe5 dxe5 24. Bxa7 Rxd3 25. Rxd3 Qe6 26. b3 Qe7 27. Be3
Qxa3 28. Bxg5 Kg7 29. Nd1 f6 30. Be3 Qe7 31. Bb6 Qb4 32. Be3 Kf7 33. c5 Qe1+
34. Bf1 Rh8 35. Rd2 Rh4 36. f3 g5 37. Rd7+ Ke8 38. Rd6 g4 39. Bf2 Rh1+ 40. Kxh1
Qxf1+ 41. Kh2 Qh3+ 42. Kg1 g3 43. Be3 Qh2+ 44. Kf1 g2+ 45. Ke1 g1=Q+ 46. Bxg1
Qxg1+ 47. Kd2 Qxc5 48. Rxf6 b5 49. Rf5 Ke7 50. Nb2 Qf2+ 51. Kc1 Qe3+ 52. Kc2
Qe2+ 53. Kb1 Kd6 54. Ka2 Kc5 55. Rxe5+ Kb4 56. Re6 c5 57. Rd6 Qxf3 58. Nd3+ Kc3
59. Nb2 Qxe4 60. Rh6 Qg2 0-1

[Event "XtraCon-Skakligaen"]
[Site "Denmark"]
[Date "2014.10.25"]
[Round "1.7"]
[White "Christensen, Jan Schleicher"]
[Black "Rewitz, Poul"]
[Result "0-1"]
[WhiteElo "2208"]
[BlackElo "2253"]
[PlyCount "78"]
[EventDate "2014.10.25"]
[EventType "team-tourn"]
[EventRounds "9"]
[EventCountry "DEN"]
[WhiteTeam "Nordre"]
[BlackTeam "SK1968"]
[WhiteTeamCountry "DEN"]
[BlackTeamCountry "DEN"]

1. d4 d6 2. e4 Nf6 3. Nc3 e5 4. Nf3 exd4 5. Nxd4 Be7 6. Be2 O-O 7. O-O Nc6 8.
Nb3 Re8 9. f4 Bf8 10. Bf3 Bd7 11. Be3 b5 12. Nd2 b4 13. Ncb1 a5 14. Bf2 Rb8 15.
Re1 a4 16. Nc4 Qc8 17. h3 Rd8 18. Nbd2 Qa6 19. Qe2 Na5 20. Nxa5 Qxa5 21. Nc4
Qa6 22. Rad1 Bb5 23. b3 Re8 24. Qf1 Nd7 25. Rd4 c5 26. Rd2 Nb6 27. Bh4 Nxc4 28.
bxc4 Bxc4 29. Qf2 Bxa2 30. e5 dxe5 31. fxe5 Be6 32. Red1 b3 33. cxb3 axb3 34.
Be4 c4 35. Rd6 Bxd6 36. exd6 Qb6 37. Qxb6 Rxb6 38. d7 Bxd7 39. Rxd7 g5 0-1

[Event "XtraCon-Skakligaen"]
[Site "Denmark"]
[Date "2014.10.25"]
[Round "1.8"]
[White "Bindzus, Niels"]
[Black "Klitgaard, Thomas"]
[Result "1/2-1/2"]
[WhiteElo "2182"]
[BlackElo "2197"]
[PlyCount "48"]
[EventDate "2014.10.25"]
[EventType "team-tourn"]
[EventRounds "9"]
[EventCountry "DEN"]
[WhiteTeam "SK1968"]
[BlackTeam "Nordre"]
[WhiteTeamCountry "DEN"]
[BlackTeamCountry "DEN"]

1. c4 g6 2. Nc3 Bg7 3. e4 d6 4. d4 Nf6 5. Nf3 O-O 6. Be2 e5 7. dxe5 dxe5 8.
Qxd8 Rxd8 9. Bg5 Re8 10. Nd5 Nxd5 11. cxd5 c6 12. Bc4 cxd5 13. Bxd5 Nc6 14. O-O
Be6 15. Rac1 Nb4 16. Bxe6 Rxe6 17. Rc7 Nxa2 18. Rxb7 Rb6 19. Rxb6 axb6 20. Ra1
Ra6 21. Nd2 Nb4 22. Rxa6 Nxa6 23. Kf1 f6 24. Be3 b5 1/2-1/2

[Event "XtraCon-Skakligaen"]
[Site "Denmark"]
[Date "2014.10.26"]
[Round "2.1"]
[White "Schandorff, Lars"]
[Black "Aabling Thomsen, Jakob"]
[Result "1-0"]
[WhiteElo "2532"]
[BlackElo "2316"]
[PlyCount "93"]
[EventDate "2014.10.25"]
[EventType "team-tourn"]
[EventRounds "9"]
[EventCountry "DEN"]
[WhiteTeam "Hillerod"]
[BlackTeam "Bronshoj"]
[WhiteTeamCountry "DEN"]
[BlackTeamCountry "DEN"]

1. d4 d6 2. c4 g6 3. e4 Bg7 4. Nc3 Nd7 5. Be2 e5 6. d5 Ne7 7. h4 f5 8. h5 Nf6
9. Bg5 O-O 10. hxg6 hxg6 11. Bd3 c6 12. Qd2 cxd5 13. cxd5 b5 14. f3 b4 15. Nce2
a5 16. O-O-O Qb6 17. Be3 Qb7 18. Kb1 Bd7 19. Nh3 f4 20. Bf2 Bxh3 21. Rxh3 g5
22. g4 Kf7 23. Rc1 Rh8 24. Ng1 Rhc8 25. Rh1 Nd7 26. Nh3 Bf6 27. Rxc8 Rxc8 28.
Rc1 Ra8 29. Qc2 Rc8 30. Qa4 Rxc1+ 31. Kxc1 Qc7+ 32. Kd2 Nc5 33. Qb5 Nc8 34. Ng1
Nb6 35. Ne2 Nba4 36. b3 Nxd3 37. Kxd3 Nc5+ 38. Bxc5 dxc5 39. Kc4 Qd8 40. Qxc5
Qh8 41. d6 Ke6 42. Qc6 Bd8 43. Kc5 Bf6 44. Qd5+ Kd7 45. Qf7+ Kd8 46. Qc7+ Ke8
47. d7+ 1-0

[Event "XtraCon-Skakligaen"]
[Site "Denmark"]
[Date "2014.10.26"]
[Round "2.2"]
[White "Pilgaard, Kim"]
[Black "Borge, Nikolaj"]
[Result "1/2-1/2"]
[WhiteElo "2400"]
[BlackElo "2383"]
[PlyCount "135"]
[EventDate "2014.10.25"]
[EventType "team-tourn"]
[EventRounds "9"]
[EventCountry "DEN"]
[WhiteTeam "Bronshoj"]
[BlackTeam "Hillerod"]
[WhiteTeamCountry "DEN"]
[BlackTeamCountry "DEN"]

1. d4 d6 2. e4 Nf6 3. Nc3 e5 4. dxe5 dxe5 5. Qxd8+ Kxd8 6. Bg5 c6 7. O-O-O+ Kc7
8. Bc4 Be6 9. Bxe6 fxe6 10. f3 Nbd7 11. Nh3 h6 12. Bd2 Bc5 13. Na4 Be7 14. Nf2
b5 15. Nc3 Nh7 16. Ng4 Nhf8 17. Kb1 h5 18. Nf2 Ng6 19. Ne2 Nh4 20. Ba5+ Kc8 21.
Nd3 c5 22. Bc3 Bd6 23. Ndf4 Be7 24. Nxe6 Rh6 25. Nxg7 Rg6 26. Nxh5 Rxg2 27. Ng1
Kc7 28. f4 Rh8 29. Ng3 Ng6 30. fxe5 Rxg3 31. Rxd7+ Kxd7 32. e6+ Kxe6 33. Bxh8
Re3 34. Bc3 Rxe4 35. Nf3 Nh4 36. Nxh4 Bxh4 37. a3 b4 38. axb4 cxb4 39. Bd2 a5
40. b3 Re2 41. Kc1 Rg2 42. Kd1 Kd5 43. h3 Ke4 44. Rf1 Bf2 45. Rh1 Bh4 46. Be1
Bxe1 47. Rxe1+ Kd4 48. Kc1 Rh2 49. Rd1+ Kc5 50. Rd3 Kb6 51. Rd6+ Kb7 52. Rh6
Ka7 53. Rh8 Kb7 54. h4 Ka7 55. h5 Kb7 56. h6 Ka7 57. Kd1 Kb7 58. h7 Ka7 59. Ke1
Kb7 60. Kf1 Ka7 61. Kg1 Rh3 62. Kg2 Rh5 63. Kf3 Rh1 64. Ke4 Rh5 65. Kd4 Kb7 66.
c4 bxc3 67. Kxc3 Rh4 68. Kb2 1/2-1/2

[Event "XtraCon-Skakligaen"]
[Site "Denmark"]
[Date "2014.10.26"]
[Round "2.3"]
[White "Percivaldi, Martin"]
[Black "Bromann, Thorbjorn"]
[Result "0-1"]
[WhiteElo "2324"]
[BlackElo "2438"]
[PlyCount "92"]
[EventDate "2014.10.25"]
[EventType "team-tourn"]
[EventRounds "9"]
[EventCountry "DEN"]
[WhiteTeam "Hillerod"]
[BlackTeam "Bronshoj"]
[WhiteTeamCountry "DEN"]
[BlackTeamCountry "DEN"]

1. d4 e6 2. c4 b6 3. Nc3 Bb7 4. e4 Bb4 5. Qc2 Qh4 6. d5 f5 7. Bd2 fxe4 8. dxe6
Nf6 9. Nge2 O-O 10. g3 Qg4 11. h3 Qxe6 12. Nf4 Qf7 13. Be3 Na6 14. O-O-O Bc5
15. Rg1 Nb4 16. Qb3 Bxe3+ 17. fxe3 Nc6 18. Nb5 d6 19. g4 Ne5 20. g5 Nfd7 21.
Qc2 Rac8 22. Be2 Nc5 23. Nd4 Rce8 24. Rg3 a6 25. Rdg1 g6 26. b3 Qd7 27. h4
Ned3+ 28. Bxd3 exd3 29. Qh2 d2+ 30. Kc2 Qg7 31. Rh3 Rxe3 32. Rxe3 Qxd4 33. Qxd2
Be4+ 34. Kd1 Qa1+ 35. Qc1 Qd4+ 36. Qd2 Qa1+ 37. Qc1 Qxc1+ 38. Kxc1 Rxf4 39. Kd2
Rxh4 40. b4 Ne6 41. Kc3 Kf7 42. a3 Bf5 43. Rg2 b5 44. cxb5 axb5 45. Rd2 Nxg5
46. Rd5 c6 0-1

[Event "XtraCon-Skakligaen"]
[Site "Denmark"]
[Date "2014.10.26"]
[Round "2.4"]
[White "Palm, Nikolaj"]
[Black "Jaksland, Tim"]
[Result "1/2-1/2"]
[WhiteElo "2340"]
[BlackElo "2277"]
[PlyCount "33"]
[EventDate "2014.10.25"]
[EventType "team-tourn"]
[EventRounds "9"]
[EventCountry "DEN"]
[WhiteTeam "Bronshoj"]
[BlackTeam "Hillerod"]
[WhiteTeamCountry "DEN"]
[BlackTeamCountry "DEN"]

1. d4 Nf6 2. Nf3 c5 3. e3 g6 4. Be2 Bg7 5. O-O O-O 6. Nbd2 b6 7. b3 Bb7 8. Bb2
d6 9. c4 e6 10. Qc2 Nc6 11. Rad1 Qe7 12. a3 Rac8 13. Rfe1 Rfd8 14. Nf1 d5 15.
dxc5 bxc5 16. Ng3 h5 17. h3 1/2-1/2

[Event "XtraCon-Skakligaen"]
[Site "Denmark"]
[Date "2014.10.26"]
[Round "2.6"]
[White "Greger, Roland Reinhard"]
[Black "Nordenbaek, Jan"]
[Result "1/2-1/2"]
[WhiteElo "2331"]
[BlackElo "2209"]
[PlyCount "52"]
[EventDate "2014.10.25"]
[EventType "team-tourn"]
[EventRounds "9"]
[EventCountry "DEN"]
[WhiteTeam "Bronshoj"]
[BlackTeam "Hillerod"]
[WhiteTeamCountry "DEN"]
[BlackTeamCountry "DEN"]

1. e4 c5 2. Nf3 Nc6 3. d3 g6 4. g3 Bg7 5. Bg2 e6 6. O-O Nge7 7. Re1 O-O 8. e5
d6 9. exd6 Qxd6 10. Nbd2 Qc7 11. Nc4 e5 12. Be3 Nd4 13. c3 Nxf3+ 14. Qxf3 Rb8
15. a4 Be6 16. Qe2 Rbd8 17. f4 exf4 18. Bxf4 Qd7 19. Ne5 Qc8 20. Nc4 Qd7 21. a5
Nc6 22. a6 b6 23. Bg5 Rc8 24. Rad1 Bg4 25. Bf3 Bxf3 26. Qxf3 b5 1/2-1/2

[Event "XtraCon-Skakligaen"]
[Site "Denmark"]
[Date "2014.10.26"]
[Round "2.7"]
[White "Montgomery, Jan Elkjaer Frantse"]
[Black "Holmsgaard, Henrik"]
[Result "1/2-1/2"]
[WhiteElo "2149"]
[BlackElo "2301"]
[PlyCount "33"]
[EventDate "2014.10.25"]
[EventType "team-tourn"]
[EventRounds "9"]
[EventCountry "DEN"]
[WhiteTeam "Hillerod"]
[BlackTeam "Bronshoj"]
[WhiteTeamCountry "DEN"]
[BlackTeamCountry "DEN"]

1. e4 c5 2. Nf3 Nc6 3. d4 cxd4 4. Nxd4 Nf6 5. Nc3 e5 6. Ndb5 d6 7. Bg5 a6 8.
Na3 b5 9. Nd5 Be7 10. Bxf6 Bxf6 11. c3 Bg5 12. Nc2 Ne7 13. Ncb4 O-O 14. Be2 Be6
15. O-O a5 16. Nxe7+ Qxe7 17. Nd5 1/2-1/2

[Event "XtraCon-Skakligaen"]
[Site "Denmark"]
[Date "2014.10.26"]
[Round "2.8"]
[White "Pedersen, Peter Brondt"]
[Black "Erlandsen, Carsten"]
[Result "1/2-1/2"]
[WhiteElo "2173"]
[BlackElo "2018"]
[PlyCount "61"]
[EventDate "2014.10.25"]
[EventType "team-tourn"]
[EventRounds "9"]
[EventCountry "DEN"]
[WhiteTeam "Bronshoj"]
[BlackTeam "Hillerod"]
[WhiteTeamCountry "DEN"]
[BlackTeamCountry "DEN"]

1. c4 c5 2. g3 g6 3. Bg2 Bg7 4. Nc3 Nc6 5. a3 d6 6. Rb1 Bf5 7. d3 Qd7 8. Nd5
Rc8 9. b4 b6 10. b5 Nd8 11. e4 Bg4 12. f3 Be6 13. h4 f6 14. Ne2 Bf7 15. Bh3 Be6
16. Bxe6 Nxe6 17. Bb2 Nc7 18. h5 e6 19. Nxc7+ Rxc7 20. hxg6 hxg6 21. Rxh8 Bxh8
22. Kf2 Qh7 23. Qh1 Qxh1 24. Rxh1 Bg7 25. Nf4 Kf7 26. Rh7 Re7 27. g4 g5 28. Nh5
Kg6 29. Rxg7+ Rxg7 30. Nxg7 Kxg7 31. d4 1/2-1/2

[Event "XtraCon-Skakligaen"]
[Site "Denmark"]
[Date "2014.10.26"]
[Round "2.1"]
[White "Matthiesen, Arne"]
[Black "Fries Nielsen, Niels Jorgen"]
[Result "1/2-1/2"]
[WhiteElo "2359"]
[BlackElo "2329"]
[PlyCount "40"]
[EventDate "2014.10.25"]
[EventType "team-tourn"]
[EventRounds "9"]
[EventCountry "DEN"]
[WhiteTeam "SK1968"]
[BlackTeam "Esbjerg"]
[WhiteTeamCountry "DEN"]
[BlackTeamCountry "DEN"]

1. e4 e5 2. Nf3 Nf6 3. d4 Nxe4 4. Bd3 d5 5. Nxe5 Be7 6. O-O O-O 7. Nd2 f6 8.
Nef3 Nd6 9. Re1 Re8 10. Nh4 f5 11. Nhf3 Bf6 12. Rxe8+ Qxe8 13. Nb3 Be6 14. Bg5
Nd7 15. Bxf6 Nxf6 16. Qe2 Bd7 17. Ne5 Bb5 18. Re1 Bxd3 19. Qxd3 Rc8 20. c3 Qb5
1/2-1/2